<?xml version="1.0" encoding="UTF-8"?><?xml-stylesheet type="text/xsl" href="static/style.xsl"?><OAI-PMH xmlns="http://www.openarchives.org/OAI/2.0/" xmlns:xsi="http://www.w3.org/2001/XMLSchema-instance" xsi:schemaLocation="http://www.openarchives.org/OAI/2.0/ http://www.openarchives.org/OAI/2.0/OAI-PMH.xsd"><responseDate>2026-06-01T06:16:51Z</responseDate><request verb="GetRecord" identifier="oai:riuma.uma.es:10630/39845" metadataPrefix="marc">https://riuma.uma.es/rest/oai/request</request><GetRecord><record><header><identifier>oai:riuma.uma.es:10630/39845</identifier><datestamp>2026-02-03T12:33:59Z</datestamp><setSpec>com_10630_2254</setSpec><setSpec>col_10630_38021</setSpec></header><metadata><record xmlns="http://www.loc.gov/MARC21/slim" xmlns:dcterms="http://purl.org/dc/terms/" xmlns:doc="http://www.lyncode.com/xoai" xmlns:xsi="http://www.w3.org/2001/XMLSchema-instance" xsi:schemaLocation="http://www.loc.gov/MARC21/slim http://www.loc.gov/standards/marcxml/schema/MARC21slim.xsd">
   <leader>00925njm 22002777a 4500</leader>
   <datafield ind2=" " ind1=" " tag="042">
      <subfield code="a">dc</subfield>
   </datafield>
   <datafield ind2=" " ind1=" " tag="720">
      <subfield code="a">Córdoba Ramos, Manuel</subfield>
      <subfield code="e">author</subfield>
   </datafield>
   <datafield ind2=" " ind1=" " tag="720">
      <subfield code="a">Bravo-Arrabal, Juan</subfield>
      <subfield code="e">author</subfield>
   </datafield>
   <datafield ind2=" " ind1=" " tag="720">
      <subfield code="a">Fernández-Lozano, Juan Jesús</subfield>
      <subfield code="e">author</subfield>
   </datafield>
   <datafield ind2=" " ind1=" " tag="720">
      <subfield code="a">Mandow, Anthony</subfield>
      <subfield code="e">author</subfield>
   </datafield>
   <datafield ind2=" " ind1=" " tag="720">
      <subfield code="a">García-Cerezo, Alfonso José</subfield>
      <subfield code="e">author</subfield>
   </datafield>
   <datafield ind2=" " ind1=" " tag="260">
      <subfield code="c">2024</subfield>
   </datafield>
   <datafield ind2=" " ind1=" " tag="520">
      <subfield code="a">Con el Internet de las Cosas Robóticas (IoRT) se hace referencia a cualquier parte de la carga de pago de un robot que esté conectada a Internet. En el contexto de la robótica de campo, es cada vez más habitual utilizar smartphones como elementos IoRT aprovechando sus ventajas: ligereza y reducido tamaño, calidad de imagen, alta capacidad de procesamiento, diversidad de sensores, y excelente conectividad (5G/6G). Un smartphone moderno puede embarcarse en cualquier tipo de robot para obtener más información de su estado y de su entorno, ya que dispone de sensores internos y puede conectarse a otros externos. Se ha desarrollado una aplicación o app open-source, para Android, denominada UMA-ROS2-Android (UR2A), capaz de alojar nodos de ROS 2 con el fin de transmitir la información sensorial del smartphone, como su posición y orientación en el espacio, o su porcentaje de batería disponible. Además, se ha habilitado la transmisión de imágenes a distintas resoluciones, así como la capacidad de que el dispositivo reciba comandos remotamente, integrándose así en una arquitectura edge-cloud. La app UR2A ha sido validada en un caso de posicionamiento, remoto y en tiempo real, de vehículos aéreos no tripulados (UAV). La app está disponible en un repositorio público: https://github.com/Robotics-Mechatronics-UMA/UMA-ROS2-Android/.</subfield>
   </datafield>
   <datafield ind1="8" ind2=" " tag="024">
      <subfield code="a">https://hdl.handle.net/10630/39845</subfield>
   </datafield>
   <datafield tag="653" ind2=" " ind1=" ">
      <subfield code="a">Informática en la nube</subfield>
   </datafield>
   <datafield tag="653" ind2=" " ind1=" ">
      <subfield code="a">Robótica</subfield>
   </datafield>
   <datafield ind2="0" ind1="0" tag="245">
      <subfield code="a">Software for: UR2A: comunicación bidireccional Android-ROS 2 para arquitecturas edge-cloud en sistemas robóticos conectados</subfield>
   </datafield>
</record>
</metadata></record></GetRecord></OAI-PMH>